Vysoké Tatry Mengusovská dolina : Vysoká 2565 m : Rysy 2503 m

Bibliographic Details
Format: Photo
Language:Slovak
PhysicalDescription:1 pohľadnica čiernobiela 14 x 9 cm
Published: Bratislava Kriváň [s.a.]
Subjects:

MARC

LEADER 00000nkm a2200000 a 4500
001 vtls010861830
003 SK-MaSNL
005 20260301091204.0
007 kf bo
008 231214n xo g 00 kuslo
015 |a SNBG 
035 |a 61640A0D-CCC5-4022-91BE-31C0C701B15E 
035 |a urn:nbn:sk:snk-kmxzwy 
035 |a urn:nbn:sk:snk-km007c6z 
040 |a SNK  |b slo  |c SNK  |e AACR2 
041 0 |a slo 
043 |a e-xo---  |a e-pl 
044 |a xo  |c SK 
080 |a 911.2(23.0)  |2 2001 
080 |a 911.2(23.046)  |2 2001 
080 |a 913(437.6-191.2)  |2 2001 
080 |a 913(438)  |2 2001 
080 |a (084.121)  |2 2001 
245 0 0 |a Vysoké Tatry  |h grafika  |b Mengusovská dolina : Vysoká 2565 m : Rysy 2503 m 
260 |a Bratislava  |b Kriváň  |c [s.a.] 
300 |a 1 pohľadnica  |b čiernobiela  |c 14 x 9 cm 
650 0 7 |a horské masívy  |2 SNKPH  |9 115560 
650 0 7 |a doliny  |2 SNKPH  |9 256361 
651 7 |a Vysoké Tatry (Poľsko a Slovensko : pohorie)  |2 SNKPHgeo  |9 67729 
651 7 |a Mengusovská dolina (Slovensko)  |2 SNKPH  |9 160652 
651 7 |a Vysoká (Vysoké Tatry, Slovensko : vrch)  |2 SNKPH  |9 160560 
651 7 |a Rysy (Vysoké Tatry, Poľsko a Slovenko : štít)  |2 SNKPH  |9 175510 
655 7 |a miestne pohľadnice  |2 SNKPH  |9 70510 
852 |a Slovenská národná knižnica 
958 |a GC 
958 |a GBN 
958 |a OND 
999 |c 670513  |d 672443 
952 |a SNK  |b SNK  |y PREZ  |7 0  |p 17A1164031  |o snkSP 4295  |0 0  |1 0  |4 0  |d 2015-08-19  |f 1  |l 0  |r 2026-02-23 19:24:40  |w 2026-02-23